Els Santpere : [cent anys davant del públic] / [texts: Yoya Pigrau ; direcció artística: Salvador Saura i Ramon Torrente] [cent anys davant del públic] / [texts:
ISBN:
84-9708-103-X
Descripción Física:
265 p. : il., fot. ; 32 cm
MARC
| LEADER | 00000nam a2200000Ia 4500 | ||
|---|---|---|---|
| 001 | 14662 | ||
| 008 | 160829s2002 xx 000 0 cat d | ||
| 020 | |a 84-9708-103-X | ||
| 080 | |a FOL-2-49 | ||
| 100 | |a Pigrau, Yoya |9 25258 | ||
| 245 | |a Els Santpere : |b [cent anys davant del públic] / [texts: |b Yoya Pigrau ; direcció artística: |b Salvador Saura i Ramon Torrente] | ||
| 260 | |a Barcelona : |b Planeta, |c 2002 | ||
| 300 | |a 265 p. : |b il., fot. ; |c 32 cm | ||
| 590 | |a Cronologies i filmografies de Josep Santpere i Mary Santpere | ||
| 650 | |a Santpere (Família) |9 25259 | ||
| 650 | |a Santpere, Mary |9 25260 | ||
| 700 | |a Saura, Salvador |9 19694 | ||
| 700 | |a Torrente, Ramon |9 35051 | ||
| 901 | |a Arxiu | ||
| 942 | |n 1 | ||
| 952 | |0 0 |1 0 |4 0 |6 FOL249 |7 1 |9 43526 |a Arxiu |b Arxiu |d 2016-12-01 |l 0 |o FOL-2-49 |p 14662 |r 2016-12-01 00:00:00 |w 2016-12-01 |y ARXIU | ||
| 999 | |c 46072 |d 46072 | ||